Foundation stones to happiness and success

Bibliographic Details
Main Author: Allen, James
Format: Book
Published: Selangor : Masterpiece Publication , 2006
Subjects:

MARC

LEADER 00000cam a2200000 7i4500
001 0000014520
005 20150201.0
008 080303
020 |a 9833710387 
090 0 0 |a 158.1   |b ALL 
100 1 |a Allen, James 
245 1 0 |a Foundation stones to happiness and success   |c James Allen 
260 |a Selangor :   |b Masterpiece Publication ,   |c 2006 
650 0 |a Conduct of life 
650 0 |a Self-actualizatian (Psychology) 
650 0 |a Success   |x Psychological aspects 
999 |a 0001011237   |b Book   |c Adult Collection   |e Perbadanan Perpustakaan Awam Johor 
999 |a 0001011238   |b Book   |c Adult Collection   |e Cawangan Tmn. Ungku Tun Aminah 
999 |a 0001011239   |b Book   |c Adult Collection   |e Cawangan Pontian 
999 |a 0001011241   |b Book   |c Adult Collection   |e Perbadanan Perpustakaan Awam Johor 
999 |a 0001020247   |b Book   |c Adult Collection   |e Cawangan Segamat 
999 |a 0001020249   |b Book   |c Adult Collection   |e Cawangan Bukit Gambir